000 01287nam2a22002531 4500
001 RU\NLR\INFOCOMM17\1000387572
005 20250617143924.0
035 _a(NLR Aleph) 002714639
090 _a1815759
_c1815759
100 _a20040211d1979 |||y0rusy50 ca
101 0 _arus
102 _aRU
105 _ay |||||||||
200 1 _aРасчет составляющих теплового баланса Мирового океана по данным стандартных судовых наблюдений
_fТ.Г. Позднякова
210 _d1979
_aБ. м.
461 0 _1001RU\NLR\INFOCOMM17\1000387571
_12001#$aГидрометеорология$eОбзор. информ.$iСерия "Океанология"$fВНИИ гидрометеорол. информ. - Мировой центр данных$v1979, Вып.1
_91815753
_cОбнинск
_d1979-
_fВНИИ гидрометеорол. информ. - Мировой центр данных
_iСерия "Океанология"
_oОбзор. информ.
_tГидрометеорология
_v1979, Вып.1
700 1 _aПозднякова
_bТ.Г.
_4070
801 1 _aRU
_bInfoComm
_c20040211
801 0 _aRU
_bNLR
_gPSBO
852 _aNLR
_jП7/1937
942 _cISSUE
980 _aNB
980 _aRUSPER